| 000 | 00809cam a2200229 a 4500 | ||
|---|---|---|---|
| 020 | _a0844280887 | ||
| 020 | _a0844280968 | ||
| 040 | _cDLC | ||
| 082 | 0 | 0 | _a810 NAT 2000 A096 Or. |
| 245 | 0 | 0 |
_aSports in literature : _bexperiencing the thrill of competition through stories, poems, and nonfiction / |
| 250 | _a2nd ed. | ||
| 260 |
_aLincolnwood, IL : _bNational Textbook Co., _c2000. |
||
| 300 |
_axi, 354 p. ; _c24 cm. |
||
| 500 | _aIncludes index. | ||
| 520 | _aA collection of short stories, poems, essays, and non-fiction articles about various types of sports. | ||
| 650 | 0 | _aSports | |
| 650 | 1 | _aSports | |
| 700 | 1 | _aEmra, Bruce. | |
| 856 | 4 | 2 | _uhttp://www.loc.gov/catdir/description/mh051/99023498.html |
| 856 | 4 | 2 | _uhttp://www.loc.gov/catdir/enhancements/fy0737/99023498-b.html |
| 942 | _cEK | ||
| 999 |
_c13976 _d13976 |
||